000 00508nam a2200181Ia 4500
008 100917s9999 xx 000 0 und d
082 _b37724
100 _aकदम बाबा
245 _aबुमरँग भा. 2
260 _bदुर्गा प्रकाशन
_c1977
300 _a296
365 _b25
520 _aकादंबरी
630 _aबुमरँग भा. 2
650 _aकादंबरी
730 _aबुमरँग भा. 2
942 _cBOOK
999 _c643118
_d643115